| 000 | 00899nam a2200217 a 4500 | ||
|---|---|---|---|
| 003 | 0 | ||
| 005 | 20250324124956.0 | ||
| 008 | 060801s19uu xx 00 eng d | ||
| 050 |
_aPGS HD 6250.P6.K67 _b.Ec18 2006 |
||
| 100 | _aEchauz, Jamelyn Mejilende Serag. | ||
| 245 |
_aThe perception of Korean in Southville International School and Colleges on the child labor in the Philippines / _cJamelyn Mejilende Serag Echauz. |
||
| 260 |
_aLas PiƱas City, Philippines : _bSouthville International School and Colleges, _c2006. |
||
| 300 |
_a32 pages : _billustrations ; _c28 cm. |
||
| 504 | _aIncludes bibliographical references. | ||
| 650 |
_aChild labor _zPhilippines. |
||
| 650 |
_aKorean students _vAttitudes _zPhilippines. |
||
| 650 |
_aChild labor _vSocial aspects _zPhilippines. |
||
| 650 |
_aLabor policy _zPhilippines. |
||
| 650 |
_aHuman rights _vChildren _zPhilippines. |
||
| 942 |
_2lcc _cPASS |
||
| 999 |
_c97476 _d97476 |
||